00665nam a22001817a 4500008004100000020001700041020001800058050002100076100002000097245011300117260005400230300003700284500003700321650004200358650002600400650003900426700001800465160930b xxu||||| |||| 00| 0 eng d a 0877627703 a9780877627708 aLC 89b.K38 1991 aKaufman, Rogers aStrategic planning in education :brethinking, restructuring, revitalizing/cRoger Kaufman and Jerry Herman. aLancaster :bTechnomic Publishing Company,c1991. axxiii, 330p. : bill. ; c24cm. aIncludes bibliography and index. aEducational planning xUnited States. aEducational planning. aStrategic planningxUnited States. aHerman, Jerry